LEADER 00915nam--2200289---450- 001 990003312270203316 005 20090916105126.0 035 $a000331227 035 $aUSA01000331227 035 $a(ALEPH)000331227USA01 035 $a000331227 100 $a20090916d1957----km-y0itay50------ba 101 $aeng 102 $aUS 105 $a||||||||001yy 200 1 $aSynthesis of passive networks$etheory and methods appropariate to the realization and approximation problems$fErnst A. Guillemin 210 $aNew York$cJohn Wiley & Sons$dcopyr. 1957 215 $aXVIII, 741 p.$cill. graf.$d24 cm 700 1$aGUILLEMIN,$bErnst A.$0965 801 0$aIT$bsalbc$gISBD 912 $a990003312270203316 951 $a621.385 1 GUI$b5748/CBS$c621.385 1$d00327501 959 $aBK 969 $aSCI 979 $aRSIAV6$b90$c20090916$lUSA01$h1051 996 $aSynthesis of passive networks$9713136 997 $aUNISA LEADER 01135nam0-2200373li-450- 001 990000249690203316 035 $a0024969 035 $aUSA010024969 035 $a(ALEPH)000024969USA01 035 $a0024969 100 $a20001109d1981984-km-y0itay0103----ba 101 0 $aita 102 $aIT 200 1 $aElettrodinamica classica$fJohn D. Jackson$gtrad. di Lucio Mezzetti 210 $aBologna$cZanichelli$d1984 215 $aXVII, 771 p.$cill.$d24 cm 312 $aClassical electrodynamics 454 $12001$aClassical electrodynamics$91400589 610 1 $aElettrodinamica 676 $a5376 700 1$aJACKSON,$bJohn D.$034109 702 1$aMEZZETTI$bLucio 801 $aSistema bibliotecario di Ateneo dell' Università di Salerno$gRICA 912 $a990000249690203316 951 $a537.601 JAC (C)$b0011235$c537.601 959 $aBK 969 $aSCI 979 $c19891220 979 $c20001110$lUSA01$h1715 979 $aPATTY$b90$c20011030$lUSA01$h1457 979 $c20020403$lUSA01$h1633 979 $aPATRY$b90$c20040406$lUSA01$h1618 996 $aClassical electrodynamics$91400589 997 $aUNISA